LEADER 00706nam0-22002531i-450- 001 990001168060403321 035 $a000116806 035 $aFED01000116806 035 $a(Aleph)000116806FED01 035 $a000116806 100 $a20000920d1971----km-y0itay50------ba 101 0 $aeng 200 1 $aLogical Foundations of Probability$fdi Car nap Rudolf. 205 $a$a- 210 $aChicago Press$cRoutledge & Kegan Paul$d1971 700 1$aCarnap,$bRudolf$f<1891-1970>$0393 801 0$aIT$bUNINA$gRICA$2UNIMARC 901 $aBK 912 $a990001168060403321 952 $a11-M-28$b14313$fMA1 959 $aMA1 996 $aLogical foundations of probability$9344312 997 $aUNINA DB $aING01 LEADER 01004nam a2200277 i 4500 001 991001693759707536 008 030630s1974 it 000 0 ita d 035 $ab12183805-39ule_inst 040 $aDip.to Biologia$beng 082 00$a574.1924$219 082 0 $a572$222 100 1 $aWold, Finn,$d1928-$051329 245 10$aStruttura e funzione delle macromolecole /$cFinn Wold 260 $aBologna :$bZanichelli, $cc1974 300 $axiii, 305 p. :$bill. ;$c24 cm 440 0$aSerie di biochimica moderna$n2 500 $aTit. Orig.: Macromolecules: structure and function 504 $aIncludes bibliographical references 650 0$aBiochemistry 650 0$aMacromolecules 907 $a.b12183805$b08-07-11$c01-07-03 912 $a991001693759707536 945 $aLE003 572 WOL01.01 (1974)$g1$i2003000040821$lle003$o-$pE0.00$q-$rl$s- $t0$u0$v0$w0$x0$y.i12539053$z01-07-03 996 $aMacromolecules$946487 997 $aUNISALENTO 998 $ale003$b01-07-03$cm$da $e-$fita$git $h0$i0